Geografía de europa y oceanía /

Guardado en:
Autor Principal: Sarrailh, Efi E. O. de
Otros Autores: Andina, María A., Somoza, Elsa J.
Formato: Libro
Publicado: Buenos Aires : El Ateneo, 1987
Edición:6a. ed.
Materias:
Etiquetas: Agregar Etiqueta
Sin Etiquetas, Sea el primero en etiquetar este registro!
LEADER 01804nam a22003855a 4500
001 CEM.cems005840
005 20110223091135.0
008 130507s1987##################000#0#####d
003 CEMS
020 |a 9500272741 
082 0 4 |a 914 
100 1 |a Sarrailh, Efi E. O. de 
245 1 0 |a Geografía de europa y oceanía /  |c Efi E. O. de Sarrailh, María A. Andina y Elsa J. Somoza 
250 |a 6a. ed. 
260 |a Buenos Aires :  |b El Ateneo,  |c 1987 
300 |a 187 p. 
505 0 |a Europa: el avance de Asia sobre occidente -- El paisaje natural -- Region mediterranea -- Region atlántica -- Region alpina -- Region nordica -- Region central -- Las alianzas europeas -- Oceanía 
653 |a Geografía 
653 |a Geografía de europa 
653 |a Geografía de oceanía 
700 1 |a Andina, María A. 
700 1 |a Somoza, Elsa J. 
859 |a CEMS  |b BIB. CEMS - 11 de abril  |h 914  |i Sa75a6  |p 14707.87  |t Ej.1 
859 |a CEMS  |b BIB. CEMS - 11 de abril  |h 914  |i Sa75a6  |p 14708.87  |t Ej.2 
859 |a CEMS  |b BIB. CEMS - 11 de abril  |h 914  |i Sa75a6  |p 14709.87  |t Ej.3 
859 |a CEMS  |b BIB. CEMS - 11 de abril  |h 914  |i Sa75a6  |p 14710.87  |t Ej.4 
859 |a CEMS  |b BIB. CEMS - 11 de abril  |h 914  |i Sa75a6  |p 14711.87  |t Ej.5 
859 |a CEMS  |b BIB. CEMS - 11 de abril  |h 914  |i Sa75a6  |p 15154.88  |t Ej.6 
859 |a CEMS  |b BIB. CEMS - 11 de abril  |h 914  |i Sa75a6  |p 15155.88  |t Ej.7 
859 |a CEMS  |b BIB. CEMS - 11 de abril  |h 914  |i Sa75a6  |p 15156.88  |t Ej.8 
859 |a CEMS  |b BIB. CEMS - 11 de abril  |h 914  |i Sa75a6  |p 15450.89  |t Ej.9 
859 |a CEMS  |b BIB. CEMS - 11 de abril  |h 914  |i Sa75a6  |p 15451.89  |t Ej.10 
859 |a CEMS  |b BIB. CEMS - 11 de abril  |h 914  |i Sa75a6  |p 15452.89  |t Ej.11 
859 |a CEMS  |b BIB. CEMS - 11 de abril  |h 914  |i Sa75a6  |p 15453.89  |t Ej.12 
859 |a CEMS  |b BIB. CEMS - 11 de abril  |h 914  |i Sa75a6  |p 15454.89  |t Ej.13